000
00307nam a22001337a 4500
008
170830b xxu||||| |||| 00| 0 eng d
020
_a
9780078959448
041
_a
eng
080
_a
070
100
_a
40
101
_a
MED
245
_a
SUCCEEDING INTHE WORLD OF WORK
_c
CURTIS.M.O
942
_2
udc
_c
BK
999
_c
25635
_d
25635